Sports Quiz

Random Sports or NFL Quiz

100+ Receptions (Denver Broncos) Quiz Stats

 Plays Quiz Updated Jul 4, 2018

Challenge
Share
Tweet
Embed
Score 0/19 Timer 06:00
8 Plays Today
Receptions Player % Correct
629Demaryius Thomas
92.5%
109Julius Thomas
92.3%
303Emmanuel Sanders
77.9%
671Rod Smith
77.5%
146Shannon Sharpe
63.9%
122Wes Welker
62.1%
327Brandon Marshall
55.5%
222Eric Decker
52.5%
266Ed McCaffrey
50.6%
103C.J. Anderson
45.7%
Receptions Player % Correct
157Knowshon Moreno
31.8%
104Brandon Lloyd
26.9%
153Brandon Stokley
24.3%
168Ashley Lelie
17.6%
206Eddie Royal
16.8%
119Jabar Gaffney
8.4%
138Tony Scheffler
7.9%
102Daniel Graham
6.2%
158Dwayne Carswell
4.3%

You're not logged in!

Compare scores with friends on all Sporcle quizzes.
OR
Log In

You Might Also Like...

Show Comments

Extras

Top Quizzes Today


Score Distribution

Your Account Isn't Verified!

In order to create a playlist on Sporcle, you need to verify the email address you used during registration. Go to your Sporcle Settings to finish the process.

Report this User

Report this user for behavior that violates our Community Guidelines.

Details: